| 000 | 00451cam a2200193ua 4500 | ||
|---|---|---|---|
| 020 | _cRs 3.00 | ||
| 041 |
_ahin _h |
||
| 082 |
_a891.54 _bPRE/PR |
||
| 100 | _aPremchand, . | ||
| 245 |
_aPrem teerth / _cPremchand. _hTextual Documents |
||
| 250 |
_a9 / _b. |
||
| 260 |
_aNew Delhi : _bSaraswathi Press , _c1962. |
||
| 300 | _a158 ; . | ||
| 365 | _aRs 3.00 | ||
| 504 | _a | ||
| 942 | _cBK | ||
| 999 |
_c3639 _d3639 |
||